000 00794nam a22002412 4500
001 0000001340
005 20151217154330.0
008 070305s xx 000 0 eng d
020 _a0070204969 :
_cKES 6,000
040 _aKABU
_cKABU
050 0 _aHB172.5
_b.L36 1997
100 1 _aLandsburg, Steven E.
_@0000149961
245 1 0 _aMacroeconomics /
_cSteven E. Landsburg, Lauren J. Feinstone.
260 _aNew York :
_bMcGraw-Hill,
_c1997.
300 _axxiii, 552 p.
650 0 _aMacroeconomics.
_@0000149933
700 1 _aFeinstone, Lauren J.
_@0000149983
908 _a070305
950 _@1
999 _c10543
_d10543